Palabras y sangre (Registro nro. 19398)

Detalles MARC
000 -CABECERA
Longitud fija campo de control 00617nam a22002051 4500
001 - NÚMERO DE CONTROL
Número de control bimo0001273187
003 - IDENTIFICADOR DELl NÚMERO DE CONTROL
Identificador del número de control OSt
005 - FECHA Y HORA DE LA ÚLTIMA TRANSACCIÓN
Fecha y hora de la última transacción 20150309165317.0
008 - CÓDIGOS DE INFORMACIÓN DE LONGITUD FIJA
Códigos de información de longitud fija 960922s1971 sp spa
040 ## - FUENTE DE LA CATALOGACIÓN
Centro transcriptor BMC
082 ## - NÚMERO DE LA CLASIFICACIÓN DECIMAL DEWEY
Númeroo de clasificación 808.06845
100 1# - PUNTO DE ACCESO PRINCIPAL-NOMBRE DE PERSONA
Nombre de persona Papini, Giovanni
Fechas asociadas al nombre 1881-1956
9 (RLIN) 1091
245 10 - MENCIÓN DE TÍTULO
Título Palabras y sangre
Mención de responsabilidad, etc. Giovanni Papini ; [traducción, Mario Verdaguer]
260 ## - PUBLICACIÓN, DISTRIBUCIÓN, ETC. (PIE DE IMPRENTA)
Lugar de publicación, distribución, etc. [Esplugas de Llobregat (Barcelona)
Nombre del editor, distribuidor, etc. Plaza & Janés
Fecha de publicación, distribución, etc. 1971
300 ## - DESCRIPCIÓN FÍSICA
Extensión 158 p.
Dimensiones 18 cm
490 0# - MENCIÓN DE SERIE
Mención de serie Rotativa
650 24 - PUNTO DE ACCESO ADICIONAL DE MATERIA - TÉRMINO DE MATERIA
9 (RLIN) 32525
Término de materia o nombre geográfico como elemento inicial Cuentos italianos
700 1# - PUNTO DE ACCESO ADICIONAL - NOMBRE DE PERSONA
Nombre de persona Verdaguer, Mario
Fechas asociadas al nombre 1885-1963
9 (RLIN) 32005
942 ## - ENTRADA DE ELEMENTOS AGREGADOS (KOHA)
Fuente de clasificaión o esquema Dewey Decimal Classification
Koha [por defecto] tipo de item 1- Monografias
Parte de clasificación ahoj
Existencias
Suprimido Perdido Fuente de clasificación o esquema Estropeado Restricciones de uso No para préstamo Código de colección Localización permanente Localización actual Localización en estanter&íacute;as Fecha adquisición Fuente de adquisición Número de inventario Préstamos totales Signatura completa Código de barras Fecha última consulta Coste, precio reemplazado Fecha del precio de reemplazo Tipo de item de Koha
NULL NULL Dewey Decimal Classification NULL Prestable NULL NULL Biblioteca Miguel de Cervantes - UNICAES Biblioteca Miguel de Cervantes - UNICAES Sala Principal 12/03/2015 Donación - Mayorga Rivas 028954   C PAP pal 1029573 12/03/2015 18.00 12/03/2015 1- Monografias